Normal view
MARC view
- الصبر- الاسلام
Entry Topical Term
001 - CONTROL NUMBER
- control field: 34622
003 - CONTROL NUMBER IDENTIFIER
- control field: JO-AjAnu
005 - DATE AND TIME OF LATEST TRANSACTION
- control field: 20230606075810.0
008 - FIXED-LENGTH DATA ELEMENTS
- fixed length control field: 230606|| aca||aabn | a|a d
040 ## - CATALOGING SOURCE
- Original cataloging agency: JO-AjAnu
- Transcribing agency: JO-AjAnu
150 ## - HEADING--TOPICAL TERM
- Topical term or geographic name entry element: الصبر- الاسلام
670 ## - SOURCE DATA FOUND
- Source citation: Work cat.: (JO-AjAnu)17782: السيوطي، جلال الدين عبد الرحمن ؛ دراسة وتحقيق: مصطفى عبد القادر عطا, author 34621, الأرج في الفرج